Song Lyrics Rammstein - Adieu - Statistics

General Stats
  • This quiz has been taken 42 times
  • The average score is 115 of 181
Answer Stats
Answer % Correct
Adieu,
90%
alle
90%
auf
90%
goodbye,
90%
allein
87%
allein)
87%
du
87%
Wiederseh'n
87%
alleine
83%
Den
83%
geh'n
83%
wir
80%
Zeit
80%
die
77%
Die
77%
letzten
77%
musst
77%
Weg
77%
Ein
73%
ein
73%
in
73%
Kein
73%
Muss
73%
Lied,
70%
mit
70%
schön
70%
der
67%
dir
67%
Kuss
67%
war
67%
letzter
63%
letztes
63%
wird
63%
bei
60%
Doch
60%
Nur
60%
sein
60%
Sein
60%
Wunder
60%
so
57%
Tod
57%
werden
57%
Am
53%
Er
53%
gescheh'n
53%
Mal,
53%
singen
50%
ganz
47%
(ganz
47%
währt
47%
bist
43%
immer
43%
sind
43%
Angst,
40%
dem
40%
Ende
40%
keine
40%
Reise
40%
Reise)
40%
uns
40%
unterm
40%
wirst
40%
alles
37%
Das
37%
für
37%
sich
33%
stille
33%
(stille
33%
Tannenzweig
33%
Aus
30%
Dunkel
30%
leise
30%
Sonne
30%
zieh'n
30%
flüstert
27%
Leben
27%
Fleisch
23%
Jeder
23%
Seele
23%
Sogar
23%
steigst
23%
verglüh'n
23%
ergeben
20%
stirbt
20%
heben
17%
vergeht,
17%
zieht
17%
Geist
13%
(ja)
13%
No matching quizzes found
Score Distribution
Percent of People with Each Score
Percentile by Number Answered
Your Score History
You have not taken this quiz